000 01199nam a22003617a 4500
003 CHAP
005 20220329143724.0
008 110412s1973 sp a r 00010 spa d
010 _a100929
011 _a101901
020 _a8432402427
035 _a112589
040 _cCHAP
082 0 4 _a333.72
_bH75
100 1 _aHéomet, B.
_955772
245 1 0 _aActividades en la naturaleza
_c/por B. Héomet
260 _aBarcelona :
_bVilamala,
_c1973
300 _a128 p. :
_bilus.
490 0 _a100 ideas
_v; 11
534 _pTít. original :
_tActivités dans la nature.
_cParís : Vilamala, c1973.
590 _aBATCH-UPD
_b10
_c20130110
_lUCH01
_h1752
590 _aBATCH-UPD
_b10
_c20130410
_lUCH01
_h1129
590 _aBATCH-UPD
_b10
_c20130914
_lUCH01
_h1229
590 _aCONVERSION
_b10
_c20130109
_lUCH01
_h1356
650 1 4 _aEcología
_xEstudio y enseñanza.
_935142
650 1 4 _aFilosofía de la naturaleza.
_940902
650 1 4 _aMedio ambiente
_xEstudio y enseñanza.
_974090
650 1 4 _aRecursos naturales
_xEstudio y enseñanza.
_995283
830 0 _a100 ideas
_v; 11
_957
901 _aBK
942 _cLIBRO
949 _a333.72 H75
_bBC
_cLIBRO
_d33724002238330
_eLIBRO
_h114665
_i112589
_sb
999 _c100929
_d100929